| 000 | 01615cjm a22004691a 4500 | ||
|---|---|---|---|
| 001 | 12491393 | ||
| 005 | 20200421093818.0 | ||
| 007 | sd|zsngnnmmned | ||
| 008 | 010802p20001997cauppn def d | ||
| 010 | _a 2001568750 | ||
| 024 | 1 | _a731454738224 | |
| 028 | 0 | 2 |
_a314 547 382-2 _bMCA Records |
| 035 | _a(DLC) 2001568750 | ||
| 035 | _a(OCoLC)ocm47799190 | ||
| 040 |
_aPSM _cPSM _dDLC |
||
| 042 | _alcderive | ||
| 043 | _af-nr--- | ||
| 050 | 0 | 0 | _aSDA 33251 |
| 100 | 0 |
_aFela, _d1938-1997 _976 |
|
| 245 | 1 | 0 |
_aOriginal suffer head/I.T.T. _h[sound recording] |
| 246 | 3 | _aOriginal sufferhead/I.T.T. | |
| 246 | 3 |
_aOriginal suffer head : _bITT |
|
| 246 | 3 | 0 | _aI.T.T. |
| 246 | 3 | 0 | _aITT |
| 260 |
_aUniversal City, CA : _bMCA Records, _c2000, p1997. |
||
| 300 |
_a1 sound disc : _bdigital ; _c4 3/4 in. |
||
| 490 | 1 | _aFela originals | |
| 500 | _aArranged, composed & produced by Fela Anikulapo Kuti. | ||
| 500 | _aCompact disc. | ||
| 500 | _aLyrics with biographical information and program notes inserted in container. | ||
| 505 | 0 | _aOriginal suffer head -- Power show I.T.T. -- I.T.T. (part 1&2) (International Thief Thief). | |
| 511 | 0 | _aFela Anikulapo Kuti, vocal/piano/tenor saxophone; with Egypt 80 Band. | |
| 518 | _aRecorded 1981-1984. | ||
| 650 | 0 |
_aPopular music _zNigeria _y1981-1990. _9719 |
|
| 650 | 0 |
_aProtest songs _zNigeria. _977 |
|
| 650 | 0 |
_aWorld music. _9720 |
|
| 710 | 2 |
_aEgypt 80 (Musical group) _978 |
|
| 800 | 0 |
_aFela, _d1938-1997 _tFela originals. _979 |
|
| 906 |
_a7 _bcbc _ccopycat _d3 _encip _f20 _gy-genmusic |
||
| 942 |
_2ddc _cBK |
||
| 999 |
_c80 _d80 |
||